000 00558nam a2200157Ia 4500
008 150610s9999 xx 000 0 und d
020 _a9781416983101 (hardcover)
050 _aPZ7
_b.D629Sd 2010
100 _aDiTerlizzi, Tony
245 4 _aThe search for WondLa /
_cby Tony DiTerlizzi with illustrations by the author..
260 _aNew York :
_bSimon & Schuster Books for Young Readers,
_c2010.
300 _a477. :
_billustrations ;
_c22 cm.
520 _aScience fiction.
650 _aHuman-alien encounters
_xFiction.
650 _aIdentity
_xFiction.
999 _c288084
_d288084